Getting your yen's worth
Wedi'i Gadw mewn:
| Prif Awdur: | |
|---|---|
| Fformat: | Llyfr |
| Iaith: | Undetermined |
| Cyhoeddwyd: |
London
Cataloging in Publication Data
1984
|
| Pynciau: | |
| Tagiau: |
Ychwanegu Tag
Dim Tagiau, Byddwch y cyntaf i dagio'r cofnod hwn!
|
| Thư viện lưu trữ: | Trung tâm Học liệu Trường Đại học Cần Thơ |
|---|
| LEADER | 00563nam a2200193Ia 4500 | ||
|---|---|---|---|
| 001 | CTU_87792 | ||
| 008 | 210402s9999 xx 000 0 und d | ||
| 082 | |a 658.4 | ||
| 082 | |b M829 | ||
| 100 | |a Moran, Robert T. | ||
| 245 | 0 | |a Getting your yen's worth | |
| 245 | 0 | |c Robert T. Moran | |
| 260 | |a London | ||
| 260 | |b Cataloging in Publication Data | ||
| 260 | |c 1984 | ||
| 650 | |a Japan,United States | ||
| 650 | |x Foreign economic relations,Foreign economic relations | ||
| 904 | |i Trọng Hiếu | ||
| 980 | |a Trung tâm Học liệu Trường Đại học Cần Thơ | ||